Vista normal
Vista MARC
Entrada Personal Name
Número de registros utilizados en: 3
001 - CONTROL NUMBER
- control field: 804
003 - CONTROL NUMBER IDENTIFIER
- control field: OSt
005 - DATE AND TIME OF LATEST TRANSACTION
- control field: 20200220110415.0
008 - FIXED-LENGTH DATA ELEMENTS
- fixed length control field: 200220|| aca||aabn | a|a d
040 ## - CATALOGING SOURCE
- Original cataloging agency: OSt
- Transcribing agency: OSt
100 ## - HEADING--PERSONAL NAME
- Personal name: Gómez de Cárdenas, Anita,
670 ## - SOURCE DATA FOUND
- Source citation: Work cat.: (OSt): Hawthorne, Nathaniel, autor 800, Mitos griegos : , 2001